01014nam a22002657a 450000100060000000300080000600500170001400800410003103500190007204000270009104100080011808200210012610000580014724501290020526000470033430000260038150400200040765000550042765000230048283000230050583000580052894200120058699900170059895201330061528890BD-RjUL20211209051338.0140401s1912 ii a 001 0 eng  a(BD-RjUL)28974 aDLCcDLCbengdBD-RjUL aeng a891.2bMUH 19121 aMüller, F. Maxq(Friedrich Max),d1823-1900.98832212aA history of ancient Sanskrit literature so far as it illustrates the primitive religion of the Brahmans /cby Max Müller. aAllahabad :bBhuvaneshwari Ashrama,c1912. axiv, 322 p. ;c23 cm. aIncludes index. 0aSanskrit literaturexHistory and criticism.967423 0aBrahmanism.988323 0vitem 09331.988326 0aSAMP early 20th-century Indian books project ;988327 2ddccBK c28890d28890 00102ddc40728NFICaRUCLbRUCLcReadingd1976-02-18ezeithingerl0o891.2 MUH 1912r2014-04-01 00:00:00tC-1w2014-04-01yBK